Estado, democratización y desarrollo en Centroamérica y Panamá /
Guardat en:
| Autor corporatiu: | , , , , , , |
|---|---|
| Format: | Desconegut |
| Publicat: |
Guatemala:
ACAS
|
| Etiquetes: |
Afegir etiqueta
Sense etiquetes, Sigues el primer a etiquetar aquest registre!
|
MARC
| LEADER | 00000 a2200000 04500 | ||
|---|---|---|---|
| 001 | 25669 | ||
| 003 | |||
| 008 | 991231s d | ||
| 040 | |||
| 090 | |a 176030 | ||
| 110 | |a Asociación centroamericana de Sociología | ||
| 245 | |a Estado, democratización y desarrollo en Centroamérica y Panamá / |c Asociación centroamericana de Sociología | ||
| 260 | |a Guatemala: |b ACAS | ||
| 300 | |a 1084 p | ||
| 710 | |a Universidad de San Carlos de Guatemala | ||
| 710 | |a Universidad de Rafael Landívar | ||
| 710 | |a FLACSO-Proyecto Guatemala | ||
| 710 | |a Asociación de Investigación y Estudios Sociales | ||
| 710 | |a Centro de Estudios Políticos | ||
| 710 | |a Asociación Guatemalteca de Sociolog | ||
| 999 | |c 13566 |d 13566 | ||
